000 00605nam a2200193Ia 4500
005 20250508153505.0
008 008 250505s9999 xx 000 0 eng d
037 _aBooks to be hide in OPAC
040 _aFEDL
_beng
_cFEDL
041 _aeng
_2eng
084 _a378.73, UNI/O
_qFEDL
100 _aJohnson M Clemens
_9763907
245 0 _aFaculty in institutions of higher education november 1955
260 _aWashington, USA
_bU.S. Government Printing Office
_c1957
300 _a40p.
700 _a Ramsey Leah W
_9764136
942 _cHB
_h378.73, UNI/O
999 _c1343215
_d1343215